Statistics for Australian Fairy-wrens

Click here to take the quiz!

General Stats

  • This quiz has been taken 40 times
  • The average score is 14 of 20

Answer Stats

HintAnswer% Correct
Fairy-wrensPurple-crowned Fairy-wren
100%
Fairy-wrensSuperb Fairy-wren
100%
Fairy-wrensSplendid Fairy-wren
89%
Fairy-wrensVariegated Fairy-wren
89%
Fairy-wrensWhite-winged Fairy-wren
89%
Fairy-wrensLovely Fairy-wren
78%
Emu-wrensMallee Emu-wren
78%
Fairy-wrensRed-backed Fairy-wren
78%
Fairy-wrensRed-winged Fairy-wren
78%
Emu-wrensSouthern Emu-wren
78%
GrasswrensStriated Grasswren
78%
GrasswrensBlack Grasswren
67%
GrasswrensGrey Grasswren
67%
Fairy-wrensBlue-breasted Fairy-wren
56%
GrasswrensEyrean Grasswren
56%
Emu-wrensRufous-crowned Emu-wren
56%
GrasswrensWhite-throated Grasswren
56%
GrasswrensCarpentarian Grasswren
44%
GrasswrensThick-billed Grasswren
44%
GrasswrensDusky Grasswren
33%

Score Distribution

Percentile by Number Answered

Percent of People with Each Score

Your Score History

You have not taken this quiz